David biografía de un rey (Registro nro. 6585)
[ vista simple ]
| 000 -CABECERA | |
|---|---|
| campo de control de longitud fija | 01097nam a22002177a 4500 |
| 003 - IDENTIFICADOR DEL NÚMERO DE CONTROL | |
| campo de control | DO-SdBJH |
| 005 - FECHA Y HORA DE LA ÚLTIMA TRANSACCIÓN | |
| campo de control | 20210920142819.0 |
| 008 - DATOS DE LONGITUD FIJA--INFORMACIÓN GENERAL | |
| campo de control de longitud fija | 210920b ||||| |||| 00| 0 spa d |
| 020 ## - NÚMERO INTERNACIONAL ESTÁNDAR DEL LIBRO | |
| Número Internacional Estándar del Libro | 978-9945-8740-8-2 |
| 040 ## - FUENTE DE LA CATALOGACIÓN | |
| Centro catalogador/agencia de origen | DO-SdBJH |
| Lengua de catalogación | spa |
| Centro/agencia transcriptor | DO-SdBJH |
| 082 ## - NÚMERO DE LA CLASIFICACIÓN DECIMAL DEWEY | |
| Número de clasificación | RD 920 |
| Número de documento/Ítem | B742 2017 |
| 100 1# - ENTRADA PRINCIPAL--NOMBRE DE PERSONA | |
| Autor Personal | Bosch, Juan |
| 245 10 - MENCIÓN DE TÍTULO | |
| Título | David biografía de un rey |
| Mención de responsabilidad, etc. | Juan Bosch |
| 260 ## - PUBLICACIÓN, DISTRIBUCIÓN, ETC. | |
| Lugar de publicación, distribución, etc. | Santo Domingo, República Dominicana |
| Nombre del editor, distribuidor, etc. | Soto Castillo |
| Fecha de publicación, distribución, etc. | 2017 |
| 300 ## - DESCRIPCIÓN FÍSICA | |
| Extensión | 287 páginas |
| Dimensiones | 22cm |
| 490 ## - MENCIÓN DE SERIE | |
| Mención de serie | Colección Bosch para todos |
| 505 ## - NOTA DE CONTENIDO CON FORMATO | |
| Nota de contenido con formato | 1- En el que aparece Samuel ben Elcana, verdadero fundador del reino de Israel 2- En el que aparece Saúl ben Quis, a quien Samuel unge rey 3- En el que se da cuenta de cómo y por qué el sacerdote Samuel rompió con el rey Saúl 4- En el que aparece David ben Isaí, llamado a ser rey a la muerte de Saúl 5- En el que se explica por qué no pudo haber<br/> |
| 600 ## - PUNTO DE ACCESO ADICIONAL DE MATERIA--NOMBRE DE PERSONA | |
| Fuente del encabezamiento o término | Serars |
| Nombre de persona | David, rey de Israel. |
| Subdivisión de forma | Biblia. -- A.T. israelitas |
| Subdivisión general | biografías |
| 700 ## - PUNTO DE ACCESO ADICIONAL--NOMBRE DE PERSONA | |
| Autor secundario (Nombre de persona) | autor |
| 942 ## - ELEMENTOS DE PUNTO DE ACCESO ADICIONAL (KOHA) | |
| Fuente del sistema de clasificación o colocación | Dewey Decimal Classification |
| Tipo de ítem Koha | Libros |
| Estado de retiro | Estado de pérdida | Fuente del sistema de clasificación o colocación | Estado dañado | No para préstamo | Código de colección | Localización permanente | Ubicación/localización actual | Ubicación en estantería | Fecha de adquisición | Número de inventario | Total de préstamos | Signatura topográfica completa | Código de barras | Fecha visto por última vez | Número de copia | Precio válido a partir de | Tipo de ítem Koha |
|---|---|---|---|---|---|---|---|---|---|---|---|---|---|---|---|---|---|
| Dewey Decimal Classification | Colección Dominicana | SIBM UNADE - Biblioteca Escuela de Graduados de Estudios Militares, ERD | SIBM UNADE - Biblioteca Escuela de Graduados de Estudios Militares, ERD | En estantería | 09/20/2021 | 21-EERD-01685 | RD 920 B742 2017 | 21-EERD-01685 | 09/20/2021 | Ej.1 | 09/20/2021 | Libros | |||||
| Dewey Decimal Classification | Colección Dominicana | SIBM UNADE - Biblioteca Escuela de Graduados de Estudios Militares, ERD | SIBM UNADE - Biblioteca Escuela de Graduados de Estudios Militares, ERD | En estantería | 09/20/2021 | 21-EERD-01686 | RD 920 B742 2017 | 21-EERD-01686 | 09/20/2021 | Ej.2 | 09/20/2021 | Libros |
